Countries that Border Iran with a Map - Statistics

General Stats
  • This quiz has been taken 65 times
  • The average score is 7 of 7
Answers on the Map
Answers color-coded by a green-red scale on the quiz's map according to % correct below.
 
Answer Stats
Answer % Correct
Iraq
100%
Turkey
100%
Afghanistan
98%
Armenia
97%
Azerbaijan
97%
Pakistan
97%
Turkmenistan
90%
No matching quizzes found
Score Distribution
Percent of People with Each Score
Percentile by Number Answered
Your Score History
You have not taken this quiz